02848 2201177 4500001002100000005001500021035002000036245007100056100001800127250001700145300003600162260003400198082001000232084001600242020002200258650002100280008004100301990001600342990001600358990001600374990001600390990001600406990001600422990001600438990001600454990001600470990001600486990001600502990001600518990001600534990001600550990001600566990001600582990001600598990001600614990001600630990001600646990001600662990001600678990001600694990001600710990001600726990001600742990001600758990001600774990001600790990001600806990001600822990001600838990001600854990001600870990001600886990001600902990001600918990001600934990001600950990001600966990001600982990001600998990001601014990001601030990001601046990001601062990001601078990001601094990001601110990001601126990001601142990001601158990001601174990001601190990001601206990001601222990001601238990001601254990001601270990001601286990001601302990001601318990001601334990001601350990001601366990001601382990001601398990001601414990001601430990001601446990001601462990001601478990001601494990001601510990001601526990001601542990001601558990001601574990001601590990001601606990001601622990001601638990001601654INLIS00000000000046520250705034730 a0010-07240000201 aBahasa Arab 3 untuk Kelas III Madrasah Ibtidaiyah /cSunaryo Putro0 aSunaryo Putro acetakan ke-1 axviii, 126 hlm :bilus ;c25 cm aSolo :bTiga Serangkai,c2020 a492.7 a492.7 SUN b a978-623-269-027-1 4aBuku Teks Bacaan250705 0  a00000001784 a00000001725 a00000001726 a00000001727 a00000001728 a00000001729 a00000001730 a00000001731 a00000001732 a00000001733 a00000001734 a00000001735 a00000001736 a00000001737 a00000001738 a00000001739 a00000001740 a00000001741 a00000001742 a00000001743 a00000001744 a00000001745 a00000001746 a00000001747 a00000001748 a00000001749 a00000001750 a00000001752 a00000001753 a00000001754 a00000001755 a00000001756 a00000001757 a00000001758 a00000001759 a00000001760 a00000001761 a00000001762 a00000001763 a00000001764 a00000001765 a00000001766 a00000001767 a00000001768 a00000001769 a00000001770 a00000001771 a00000001772 a00000001773 a00000001774 a00000001775 a00000001776 a00000001777 a00000001778 a00000001779 a00000001780 a00000001781 a00000001782 a00000001783 a00000001785 a00000001786 a00000001787 a00000002624 a00000002625 a00000002626 a00000002627 a00000002629 a00000002630 a00000002631 a00000002632 a00000002633 a00000002634 a00000005742 a00000005743 a00000005744 a00000005745 a00000005746 a00000005747 a00000006929 a00000006930 a00000006931 a00000006932 a00000006933